PIEDRA NATURAL : (Registro nro. 52637)
[ vista simple ]
| 000 -LEADER | |
|---|---|
| fixed length control field | 01115nam a2200193 a 4500 |
| 001 - CONTROL NUMBER | |
| control field | 52637 |
| 005 - DATE AND TIME OF LATEST TRANSACTION | |
| control field | 20180714042548.0 |
| 008 - FIXED-LENGTH DATA ELEMENTS--GENERAL INFORMATION | |
| fixed length control field | 140415s2008 sp 000 0 spa d |
| 020 ## - INTERNATIONAL STANDARD BOOK NUMBER | |
| International Standard Book Number | 9788425221835 |
| 041 ## - LANGUAGE CODE | |
| Language code of text/sound track or separate title | spa |
| 082 ## - DEWEY DECIMAL CLASSIFICATION NUMBER | |
| Classification number | 721.0449 |
| Item number | MAT |
| 245 00 - TITLE STATEMENT | |
| Title | PIEDRA NATURAL : |
| Remainder of title | TIPOS DE PIEDRA, DETALLES, EJEMPLOS |
| 250 ## - EDITION STATEMENT | |
| Edition statement | 1a ed. |
| 260 ## - PUBLICATION, DISTRIBUTION, ETC. | |
| Place of publication, distribution, etc. | ESPAÑA : |
| Name of publisher, distributor, etc. | GUSTAVO GILI, |
| Date of publication, distribution, etc. | 2008 |
| 300 ## - PHYSICAL DESCRIPTION | |
| Extent | 110 |
| Dimensions | 21.1 x 1.1 x 29.7 |
| 520 ## - SUMMARY, ETC. | |
| Summary, etc. | LA PIEDRA NATURAL UN MATERIAL CONSTRUCTIVO TRADICIONALY A LA VEZ FACINANTE, PRESENTA UNAS PARTICULARIDAES, ESPECIFICAS EN ESPECIAL EN EL MUNDO ACTUAL.POR UN LADO SE HAN IDO PERDIANDO PARTE DE LAS TRADICIONES DE LA CANTERIA MANUAL Y, POR EL OTRO, LAS NUEVAS EXIGENCIAS Y APLICACIONES, ADEMASDE LOSEFECTOS AMBIENTALES PERJUDICIALES, HAN SEMBRADO LA INSERTIDUMBRE ENTRE LOS PROYECTISTAS Y LOS CONSTRUCTORES. ESTE LIBRO ABORDA TODOS LOS DETALLES Y EXPLICA MEDIANTE TEXTOS Y DIBUJOS LOS PROBLEMA |
| 650 14 - SUBJECT ADDED ENTRY--TOPICAL TERM | |
| Topical term or geographic name entry element | PIEDRAS DE CONSTRUCCION |
| General subdivision | PIEDRAS DE CONSTRUCCION |
| -- | ALEMANIA |
| -- | PIEDRAS DE CONSTRUCCION |
| -- | EUROPA |
| 740 ## - ADDED ENTRY--UNCONTROLLED RELATED/ANALYTICAL TITLE | |
| Uncontrolled related/analytical title | DRESSED STONE. TYPES OF STONE. DETAILS. EXAMPLES |
| Withdrawn status | Lost status | Source of classification or shelving scheme | Damaged status | Not for loan | Collection code | Home library | Current library | Shelving location | Date acquired | Source of acquisition | Inventory number | Total Checkouts | Full call number | Barcode | Date last seen | Date last checked out | Price effective from | Koha item type |
|---|---|---|---|---|---|---|---|---|---|---|---|---|---|---|---|---|---|---|
| Dewey Decimal Classification | General | Biblioteca Karol Wojtyla | Biblioteca Karol Wojtyla | Sala general | 03/12/2013 | Compra | 151000000000000000027636 | 1 | 721.0449 MAT | 78185 | 05/01/2026 | 25/09/2019 | 03/12/2013 | Libro |